Statistics for Name The Glee Characters

Click here to take the quiz!

General Stats

  • This quiz has been taken 1,639 times
  • The average score is 18 of 21

Answer Stats

HintAnswer% Correct
Rachel Berry
99%
Finn Hudson
98%
Santana Lopez
95%
Quinn Fabray
94%
Will Schuester
94%
Kurt Hummel
93%
Sue Sylvester
92%
Noah Puckerman
91%
Tina Cohen-Chang
91%
Brittany S. Pierce
90%
Artie Abrams
89%
Mercedes Jones
88%
Mike Chang
87%
Blaine Anderson
84%
Emma Pillsbury
84%
Sam Evans
79%
Marley Rose
69%
Jake Puckerman
68%
Kitty Wilde
66%
Ryder Lynn
61%
Wade "Unique" Adams
52%

Score Distribution

Percentile by Number Answered

Percent of People with Each Score

Your Score History

You have not taken this quiz